书目信息 |
| 书名: | A farewell to arms | |
| 作者: | by Ernest Hemingway. | |
| 分册号: | ||
| 分册名: | 出版地: | London : |
|
| 出版社: | Panther Books | |
| 出版时间: | [1977]. | |
| 页数: | 235 p. ; | |
| 开本: | 20 cm. | |
| 丛书名: | ||
| 中图分类号: | ||
| 科图分类号: | ||
| 其他分类号: | H319.4 | |
| 主题词: | ||
| 电子资源: | ||
| 000 | 00508cam 2200181Ii 4504 | |
| 001 | E0754655602 | |
| 005 | 20070302102616.03 | |
| 008 | 030424r19771929enk 000 1 eng d | |
| 020 | @cCNY0.80. | |
| 040 | @aINT@cINT@dOCL@dm.c.@dMZN | |
| 090 | @aK725.532/W3.1 | |
| 090 | @aH319.4 | |
| 099 | @dH319.4@ex190 | |
| 100 | 1 | @aHemingway, Ernest,@d1899-1961. |
| 245 | 12 | @aA farewell to arms / @cby Ernest Hemingway. |
| 260 | @aLondon :@bPanther Books,@c[1977]. | |
| 300 | @a235 p. ;@c20 cm. | |
| 920 | @a232010@z2 | |
| A farewell to arms / / by Ernest Hemingway.-London : : Panther Books, , [1977]. |
| 235 p. ; ; 20 cm. |
| ISBN CNY0.80. |
| ● |
| 相关链接 |
|
|
|
|
正题名:farewell to arms
索取号:H319.4/x190
 
预约/预借
| 序号 | 登录号 | 条形码 | 馆藏地/架位号 | 状态 | 备注 |
| 1 | 67956 | 001438251 | 第四借阅区/ [索取号:H319.4/x190] | 在馆 | |
| 2 | 67957 | 001438260 | 第四借阅区/ [索取号:H319.4/x190] | 在馆 | |
| 3 | 67958 | 001438313 | 第四借阅区/ [索取号:H319.4/x190] | 在馆 | |
| 4 | 67959 | 001438279 | 第四借阅区/ [索取号:H319.4/x190] | 在馆 | |
| 5 | 67960 | 001438288 | 第四借阅区/ [索取号:H319.4/x190] | 在馆 |